| 000 | 00620nam a2200181 i 4500 | ||
|---|---|---|---|
| 001 | 82423 | ||
| 003 | ES-MaACL | ||
| 007 | t| | ||
| 008 | 041110s1983 sp ||||1| spa d | ||
| 245 | 0 | 0 |
_aInformática _b: contratación administrativa. |
| 250 | _a2ª ed. | ||
| 260 |
_aMadrid : _bPresidencia del Gobierno, Servicio Central de Informática, _c1983. |
||
| 300 |
_a138 p. ; _c21 cm. |
||
| 490 | 1 |
_aDocumentación Informática. Serie verde / Textos legales ; _v1 |
|
| 830 | 0 |
_aDocumentación Informática. Serie verde / Textos legales ; _v1 _9231589 |
|
| 852 |
_aES-MaACL _jL-5597 _bR.106037 |
||
| 999 |
_c82423 _d82423 |
||